15 najmniejszych gmin w województwie Podlaskim według powierzchni - Statystyki

Ogólne statystyki
  • Ten quiz został rozwiązany 6 razy
  • Średni wynik to 5 z 15
Statystyki odpowiedzi
Msc. Gmina Powierzchnia km² % Poprawnych
7. Czeremcha 96,73
50%
1. Grabówka 64,64
50%
7. Jasionówka 96,73
50%
15. Miastkowo 114,84
50%
3. Przytuły 71,18
50%
5. Suraż 76,6
50%
13. Krypno 112,69
33%
2. Rudka 70,21
33%
4. Kołaki kościelne 73,76
17%
11. Nowe piekuty 109,70
17%
9. Nowogród 100,98
17%
10. Perlejewo 106,32
17%
14. Poświętne 114,33
17%
6. Rutka tartak 92,32
17%
12. Zawady 112,67
17%
Nie znaleziono quizów pasujących do podanych kryteriów
Rozkład punktacji
Procent ludzi z każdym wynikiem
Percentyl według liczby udzielonych odpowiedzi
Twoja historia wyników
Nie rozwiązałeś tego quizu